LEADER 00977nam a2200265 i 4500 001 000000148509 003 CaOOAMICUS 005 20060308000000.0 008 060308s1981 it u000 u ita u 013 $a125825 040 $aSeMil$bita 100 1 $aArpino, Giovanni,$d<1927-1987>.$0(OLS)http://semarc/name/89966 245 13$aUn gran mare di gente /$cGiovanni Arpino. 260 $aMilano :$bRizzoli,$c1981. 300 $a329 p. ;$c23 cm. 490 0 $aLa scala 500 $aFondo Ciprandi. 773 0 $aArpino, Giovanni <1927-1987>$tTutti i racconti.$dMilano : Rizzoli, [19--]?.$kScala$g1$w()15482 830 3$aLa scala.$0(OLS)http://semarc/title/7359 850 $aSeMil 852 $aSeMil$W1$xVenegono$y1$m1G VI 88$j100886$B100886$CSeMilBibl$Z2$F109543 $81 941 1 $a1 961 $aOmaggio: Ciprandi dott. Paolo 996 $6245$aUn gran mare di gente$9(OLS)http://semarc/title/217088 996 $6260$aMilano :$bRizzoli$9(OLS)http://semarc/publisher/29824 LEADER 01146nam a2200205 i 4500 001 000000224734 003 CaOOAMICUS 005 20131111000000.0 008 131111s1836 it u000 u lat u 013 $a203632 040 $aSeMil$bita 245 10$aTomus 130. 300 $a383 p. 773 0 $aAugustinus, Aurelius $tSancti Augustini Hipponensis episcopi opera omnia multis sermonibus ineditis aucta et locupletata.$b[dal 1842] Editio nova / accurantibus D. A. B. Caillau ... nonnullisque cleri gallicani presbyteris.$dParisiis : Apud Paul Mellier, 1836.$g23$w()10069 773 0 $aGuillon, Marie Nicolas Sylvestre <1760-1847>$tCollectio selecta SS. Ecclesiae Patrum, complectens exquisitissima opera tum dogmatica et moralia, tum apologetica et oratoria; accurantibus D. Caillau ... una cum D.M.N.S. Guillon ..$dParisiis : Apud Méquignon-Havard, 1829-1840 (Parisiis : Typis Decourchant)$g130$w()28977 850 $aSeMil 852 $aSeMil$W1$xVenegono$y1$m2S II 130 FA$j175080$B175080$CSeMilBibl$Z2$F185062 $8I 941 1 $a10 961 $aRecupero: Mantegazza 996 $6245$aTomus 130$9(OLS)http://semarc/title/322049